000 00389nam a2200145Ia 4500
008 211109s9999||||xx |||||||||||||| ||und||
082 _a894.8121
_bONV-M
100 _aO N V, Kurup
245 0 _aMattuvin Chattangale
260 _bCurrent Books
_aTrichur
_c1955
300 _a47p.
630 _xGeneral Stack
650 _aMalayalam Literature
_vMalayalam Poetry
_xGeneralia
942 _cBOOK
999 _c26735
_d26735